| 000 | 00000nam##2200000za#4500 |
| 001 | 9.695157 |
| 003 | CaOODSP |
| 005 | 20210624234440 |
| 007 | cr ||||||||||| |
| 008 | 150407|2007||||xxc|||||o f|0| 0 eng|d |
| 040 | |aCaOODSP|beng |
| 043 | |an-cn--- |
| 086 | 1 |aE95-2/7-2007E-PDF |
| 110 | 1 |aCanada. |bInternational Joint Commission. |
| 245 | 10|aSecond summary of critical air quality issues in the transboundary region : |h[electronic resource]|breport from the International Air Quality Advisory Board |
| 260 | |bInternational Joint Commission |cDecember 2007. |
| 300 | |a37p.|bcoloured maps |
| 500 | |aThe catalogue number (1-894280-73-3) for the print edition has been incorrectly copied in this electronic publication. |
| 504 | |aBibliography. |
| 590 | |a12-30-Supp|b2012-06-28 |
| 690 | 07|aEnvironmental management|2gcpds |
| 690 | 07|aAir pollution|2gcpds |
| 690 | 07|aAir quality|2gcpds |
| 775 | 08|tDeuxième sommaire des questions névralgiques liées à la qualité de l'air dans la région transfrontalière : |w(CaOODSP)9.639300 |
| 856 | 40|ahttp://publications.gc.ca|qPDF|s1788 KB|uhttps://publications.gc.ca/collections/collection_2011/ijc/E95-2-7-2007-eng.pdf |